000 00534cam a22001217a 4500
008 180718b1966 xxu||||| |||| 00| 0 eng d
082 _aA81x54 In2/61/17/PT4&5
100 _aCensus of India 1961
245 _aAndaman and Nicobar Islands: report and tables on housing and establishments and report and tables on scheduled tribes and reprints from old publications
260 _aDelhi
_bThe Manager of Publications
_c1966
300 _a294+p.
440 _aCensus of India 1961. Volume XVII, Andaman and Nicobar Islands. Part-IV and Part-V
999 _c484013
_d484013